Atlas of the sensory organs : functional and clinical anatomy /

Bibliographic Details
Main Author: Csillag, András (András Laszlo), 1949-
Format: Book
Language:English
Published: Totowa, N.J. : Humana Press, [2005]
Subjects:

MARC

Tag First Indicator Second Indicator Subfields
LEADER 00000pam a22000004a 4500
001 in00004500821
005 20191203131332.0
008 040826s2005 njua b 001 0 eng
010 |a  2004042382 
016 7 |a 101228208  |2 DNLM 
020 |a 1588294129 (alk. paper) 
020 |a 1592598498 (e-isbn) 
035 |a (OCoLC)ocm56482730 
035 |z (UtOrBLW)38856 
035 |a 56237 
040 |a DNLM/DLC  |c DLC  |d NLM  |d TMV  |d UtOrBLW 
042 |a pcc 
049 |a TMVM  |c 1 
050 0 0 |a QM501  |b .C75 2005 
060 1 0 |a WV 17  |b C958a 2005 
082 0 0 |a 611/.8  |2 22 
100 1 |a Csillag, András  |q (András Laszlo),  |d 1949- 
245 1 0 |a Atlas of the sensory organs :  |b functional and clinical anatomy /  |c András Csillag. 
264 1 |a Totowa, N.J. :  |b Humana Press,  |c [2005] 
264 4 |c ©2005 
300 |a xii, 258 pages :  |b illustrations (some color) ;  |c 29 cm. +  |e 1 CD-ROM (4 3/4 in.) 
336 |a text  |2 rdacontent  |b txt 
337 |a unmediated  |2 rdamedia 
338 |a volume  |2 rdacarrier  |b nc 
504 |a Includes bibliographical references and index. 
505 0 |a The organ of hearing and equilibrium -- The organ of vision -- The organ of olfaction -- The organ of taste -- The skin and other diffuse sensory systems 
538 |a System requirements for accompanying disk: Mac or PC. 
650 2 |a Ear  |x anatomy & histology. 
650 2 |a Eye  |x anatomy & histology. 
650 2 |a Nose  |x anatomy & histology. 
650 2 |a Sensation  |x physiology. 
650 2 |a Skin  |x anatomy & histology. 
650 2 |a Tongue  |x anatomy & histology. 
655 2 |a Atlases. 
948 |a PO 9809 
999 |a MARS 
999 f f |s ed1e6e12-a536-3f7e-a532-d905eebd2ee6  |i 96efde28-c91a-31f2-b9d2-8d5e7817becf  |t 0 
952 f f |p ric  |a Texas A&M University  |b Rellis Campus  |c Joint Library Facility  |d Remote Storage  |t 0  |e WV 17 C958a 2005  |h National Library of Medicine classification  |i unmediated -- volume  |k CD-ROM  |m 323890184737C 
952 f f |p ric  |a Texas A&M University  |b Rellis Campus  |c Joint Library Facility  |d Remote Storage  |t 0  |e WV 17 C958a 2005  |h National Library of Medicine classification  |i unmediated -- volume  |m 323890188470A 
998 f f |a WV 17 C958a 2005  |t 0  |l Remote Storage